Language Quiz

Random Language or Blitz Quiz

Words Within Words 'SP' Blitz Quiz Stats

 Plays Quiz Updated Nov 21, 2018

Challenge
Share
Tweet
Embed
Score 0/27 Timer 01:30
6 Plays Today
% Correct
ill
91%
oils
90.7%
am
90.2%
lash
90.1%
arrow
89.4%
end
88.7%
ear
88.5%
rite
88.4%
ace
88.4%
ore
87.8%
are
87.7%
inner
87.6%
lice
87.2%
iced
87.1%
% Correct
lint
86.6%
a
85.8%
iffy
83.5%
rain
83.4%
ire
83%
utter
81.6%
here
80.5%
angled
79.9%
ringer
78.9%
urn
75.7%
otter
73.9%
rocket
72.5%
read
69.1%

You're not logged in!

Compare scores with friends on all Sporcle quizzes.
OR
Log In

You Might Also Like...

Show Comments

Extras

Top Quizzes Today


Score Distribution

Your Account Isn't Verified!

In order to create a playlist on Sporcle, you need to verify the email address you used during registration. Go to your Sporcle Settings to finish the process.

Report this User

Report this user for behavior that violates our Community Guidelines.

Details: